000 00221 a2200097 4500
020 _a9780008800543
100 _aMartha Deiros Collado
245 _aThe smartphone solution
260 _bHarper Collins
_c2025
942 _cOO
999 _c115675
_d115674